[Event "Zt (a)"]
[Site "masterchessopen.com Berg en Dale (Norway)"]
[Round "7"]
[White "Skold Kristian (SWE)"]
[Black "Olafsson Fridrik (ISL)"]
[Result "0-1"]
[WhiteElo "2340"]
[BlackElo "2434"]

1.e4 e5 2.Nf3 Nc6 3.Bb5 a6 4.Ba4 Nf6 5.O-O Be7 6.Re1 b5 7.Bb3 O-O 8.c3 d6 9.h3
Nb8 10.d4 Nbd7 11.c4 c6 12.Nbd2 Qc7 13.Bc2 Re8 14.a4 bxc4 15.dxe5 Nxe5 16.Nxe5
dxe5 17.Nxc4 Be6 18.Qe2 Bb4 19.Rf1 a5 20.Be3 Nd7 21.Rad1 Nf8 22.Kh2 Ng6 23.g3
Nf4 24.Bxf4 exf4 25.e5 fxg3+ 26.fxg3 Rad8 27.Qe4 g6 28.Qf4 Rxd1 29.Bxd1 Rd8
30.Be2 Bc5 31.b3 Rd4 32.Qg5 Qd8 33.Qc1 Bb4 34.Qe3 Qd5 35.Bf3 Qc5 36.Be2 Rxc4
{#R} 0-1

[Event "Match \"]
[Site "masterchessopen.com Hamburg (Germany)"]
[Round "8"]
[White "Unzicker Wolfgang (GER)"]
[Black "Tal Mikhail N (LAT)"]
[Result "0-1"]
[WhiteElo "2433"]
[BlackElo "2520"]

1.e4 e5 2.Nf3 Nc6 3.Bb5 a6 4.Ba4 Nf6 5.O-O Be7 6.Re1 b5 7.Bb3 O-O 8.c3 d6 9.h3
Nb8 10.d4 Nbd7 11.Nbd2 Bb7 12.Bc2 Re8 13.Nf1 Bf8 14.Ng3 g6 15.b3 Bg7 16.d5 Nb6
17.Qe2 c6 18.c4 cxd5 19.cxd5 Nfxd5 20.exd5 e4 21.Nxe4 Bxa1 22.Bg5 f6 23.Be3
Nxd5 24.Rxa1 Nxe3 25.Qxe3 Bxe4 26.Bxe4 f5 {#R} 0-1

[Event "It"]
[Site "masterchessopen.com Arlesheim (Switzerland)"]
[Round "2"]
[White "Teschner Rudolf (GER)"]
[Black "Eggenberger Ulrich (SUI)"]
[Result "1-0"]
[WhiteElo "2295"]
[BlackElo "1916"]

1.e4 e5 2.Nf3 Nc6 3.Bb5 a6 4.Ba4 Nf6 5.O-O Be7 6.Re1 b5 7.Bb3 d6 8.c3 O-O 9.h3
Nb8 10.d4 Nbd7 11.c4 bxc4 12.Bxc4 exd4 13.Nxd4 Ne5 14.Bb3 Bb7 15.Nc3 c5 16.Nf5
c4 17.Bc2 Re8 18.Nxe7+ Qxe7 19.Bg5 Ng6 20.Ba4 Reb8 21.Nd5 Bxd5 22.exd5 Qf8
23.Bc6 Ne5 24.Bxa8 Rxa8 25.Bxf6 gxf6 26.Re3 Qh6 27.Qd4 f5 28.f4 Ng6 29.Rae1
Kf8 30.Rf1 Qh4 31.Qxc4 {#r} 1-0

[Event "Ch URS"]
[Site "masterchessopen.com Moscow (Russia)"]
[Round "0"]
[White "Averbakh Yuri L (RUS)"]
[Black "Furman Semen (RUS)"]
[Result "1-0"]
[WhiteElo "2445"]
[BlackElo "2550"]

1.e4 e5 2.Nf3 Nc6 3.Bb5 a6 4.Ba4 Nf6 5.O-O Be7 6.Re1 b5 7.Bb3 d6 8.c3 O-O 9.h3
Nb8 10.d4 Nbd7 11.c4 c6 12.c5 dxc5 ( 12...Qc7 13.cxd6 Bxd6 14.Bg5 { ! }
14...c5 15.dxc5 Bxc5 16.Nc3 Bb7 17.Rc1 { P } ) 13.dxe5 Ne8 14.e6 fxe6 15.Bxe6+
Kh8 16.Nc3 Nc7 17.Bf5 c4 18.Bf4 Ne6 ( 18...g6 19.Nd4 { ! } 19...gxf5 20.Nxc6
Qe8 21.exf5 { ! +?? } ) 19.Bg3 Nec5 20.Nd4 Qb6 21.e5 Rd8 22.Bxh7 Kxh7 23.Qh5+
Kg8 24.Nf5 Bf8 25.Qg6 Kh8 26.Ne4 Ne6 ( 26...Nxe5 27.Qh5+ Kg8 28.Nh6+ { ! }
28...gxh6 29.Nf6+ Kh8 30.Bxe5 { +?? } ) 27.Nf6 Nxf6 ( 27...gxf6 28.Re4 Bg7
29.Rh4+ Kg8 30.Nh6+ Kh8 31.Nf7+ Kg8 32.Rh8# ) 28.exf6 Ra7 29.Re4 Nf4 30.Rxf4
Bxf5 31.Rxf5 Qc5 32.Rxc5 1-0

[Event "It"]
[Site "masterchessopen.com Stockholm (Sweden)"]
[Round "0"]
[White "Tal Mikhail N (LAT)"]
[Black "Unzicker Wolfgang (GER)"]
[Result "1-0"]
[WhiteElo "2520"]
[BlackElo "2433"]

1.e4 e5 2.Nf3 Nc6 3.Bb5 a6 4.Ba4 Nf6 5.O-O Be7 6.Re1 b5 7.Bb3 d6 8.c3 O-O 9.h3
Nb8 10.d4 Nbd7 11.c4 c6 12.c5 Qc7 13.cxd6 Bxd6 14.Bg5 c5 15.dxc5 Bxc5 16.Nc3
Bb7 17.Rc1 Qb6 18.Re2 Rfe8 19.Nd5 Bxd5 20.Bxd5 Rad8 21.Rec2 Be7 22.Rc6 Qa5
23.Bd2 b4 24.Bxf7+ Kxf7 25.Qb3+ Kf8 {#r} 1-0

[Event "Ch URS (team)"]
[Site "masterchessopen.com Leningrad (Russia)"]
[Round "0"]
[White "Zakharov Alexander (RUS)"]
[Black "Vitolins Alvis (LAT)"]
[Result "1-0"]
[WhiteElo "2380"]
[BlackElo "2435"]

1.e4 e5 2.Nf3 Nc6 3.Bb5 a6 4.Ba4 Nf6 5.O-O Be7 6.Re1 b5 7.Bb3 d6 8.c3 O-O 9.h3
Nb8 10.d4 Nbd7 11.c4 c6 12.c5 Bb7 13.Nc3 h6 14.cxd6 Bxd6 15.Be3 Qc7 16.Rc1
exd4 17.Nxd4 Rad8 18.Nd5 Nxd5 19.exd5 c5 20.Nf5 Kh8 21.Qd2 Be5 22.Bxh6 g6
23.Rxe5 Rg8 24.Bg7+ Rxg7 25.d6 Qb6 26.Nxg7 Kxg7 27.Rh5 c4 28.Qh6+ Kf6 29.Bc2
Ke6 30.Re1+ {#r} 1-0

[Event "Ch Great Britain"]
[Site "masterchessopen.com Bath (England)"]
[Round "3"]
[White "Penrose Jonathan (ENG)"]
[Black "Littlewood Norman"]
[Result "1-0"]
[WhiteElo "2405"]
[BlackElo "2328"]

1.e4 e5 2.Nf3 Nc6 3.Bb5 a6 4.Ba4 Nf6 5.O-O Be7 6.Re1 b5 7.Bb3 d6 8.c3 O-O 9.h3
Nb8 10.d4 Nbd7 11.c4 c5 12.dxe5 dxe5 13.Nc3 Bb7 14.cxb5 axb5 15.Nxb5 Nxe4
16.Qd3 Ra5 17.Na3 Nd6 18.Ng5 Bxg5 19.Qxd6 Ra6 20.Qd1 Bxc1 21.Rxc1 Qg5 22.Qg4
Qe7 23.Rcd1 Nb8 24.Bd5 Kh8 25.Nc4 f5 26.Qe2 e4 27.Bxb7 Qxb7 28.Qe3 Qb4 29.Nd6
Qxb2 30.Qxc5 Nd7 31.Nf7+ Kg8 32.Rxd7 e3 33.Qxe3 Rxa2 34.Ng5 h6 35.Nf3 Kh7
36.Qd4 {#r} 1-0

[Event "Match \"]
[Site "masterchessopen.com Birmingham (England)"]
[Round "1"]
[White "Hindle Owen M (ENG)"]
[Black "Hartoch Robert G (NED)"]
[Result "0-1"]
[WhiteElo "2355"]
[BlackElo "2198"]

1.e4 e5 2.Nf3 Nc6 3.Bb5 a6 4.Ba4 Nf6 5.O-O Be7 6.Re1 b5 7.Bb3 d6 8.c3 O-O 9.h3
Nb8 10.d4 Nbd7 11.c4 c6 12.c5 Qc7 13.cxd6 Bxd6 14.Bg5 Bb7 15.Nbd2 Rad8 16.Rc1
c5 17.dxc5 Bxc5 18.Nh4 Qb6 19.Qf3 h6 20.Bxh6 gxh6 21.Nf5 Kh7 22.Qg3 Nh5 23.Qh4
Qg6 24.g4 Nf4 25.Nf3 Nd3 26.Bxf7 Rxf7 27.Nxe5 Nxe1 28.Rxc5 Nxe5 29.Qxd8 N1f3+
30.Kf1 Rd7 31.Rc7 Qf7 32.Nxh6 Rxc7 33.Nxf7 Rc1+ {#R} 0-1

[Event "It \"]
[Site "masterchessopen.com Moscow (Russia)"]
[Round "10"]
[White "Pietzsch Wolfgang W (GDR)"]
[Black "Liberzon Vladimir M (ISR)"]
[Result "0-1"]
[WhiteElo "2420"]
[BlackElo "2410"]

1.e4 e5 2.Nf3 Nc6 3.Bb5 a6 4.Ba4 Nf6 5.O-O Be7 6.Re1 b5 7.Bb3 O-O 8.c3 d6 9.h3
Nb8 10.d4 Nbd7 11.c4 c6 12.c5 Qc7 13.cxd6 Bxd6 14.Bg5 exd4 15.Bxf6 gxf6
16.Nxd4 Nc5 17.Qc2 Rd8 18.Rd1 Nxb3 19.Nxb3 Qe7 20.Nc3 Qe5 21.Nd4 Qh2+ 22.Kf1
Be6 23.Nxe6 fxe6 24.Qd3 Rd7 25.Qf3 Rg7 26.Ke2 Rf8 27.Rd3 f5 28.Rf1 b4 29.Nb1
Rxg2 {#R} 0-1

[Event "Ch Czechoslovakia"]
[Site "masterchessopen.com Brno (Czech Republic)"]
[Round "4"]
[White "Novak Ervin (CZE)"]
[Black "Kozma Julius (CSR)"]
[Result "1-0"]
[WhiteElo "2225"]
[BlackElo "2380"]

1.e4 e5 2.Nf3 Nc6 3.Bb5 a6 4.Ba4 Nf6 5.O-O Be7 6.Re1 b5 7.Bb3 d6 8.c3 O-O 9.h3
Nb8 10.d4 Nbd7 11.Bg5 Bb7 12.Nbd2 h6 13.Bxf6 Bxf6 14.d5 Nc5 15.Nf1 a5 16.Ng3
g6 17.Bc2 c6 18.dxc6 Bxc6 19.Qd2 Kg7 20.Rad1 Qb6 21.b4 Nb7 22.Bb3 Rac8 23.Re3
Be7 24.Rd3 Qc7 25.Rc1 f5 26.exf5 Bxf3 27.Rxf3 Bg5 28.Qc2 Bxc1 29.fxg6 Rxf3
30.Nh5+ Kh8 31.gxf3 Bg5 32.Qf5 Rg8 33.Bxg8 Kxg8 34.Qe6+ {#r} 1-0

[Event "Olympiad (students) (team)"]
[Site "masterchessopen.com Krakow (Poland)"]
[Round "0"]
[White "Spassov Liuben (BUL)"]
[Black "Kristensen Leif (DEN)"]
[Result "0-1"]
[WhiteElo "2367"]
[BlackElo "2067"]

1.e4 e5 2.Nf3 Nc6 3.Bb5 a6 4.Ba4 Nf6 5.O-O b5 6.Bb3 Be7 7.Re1 O-O 8.c3 d6 9.h3
Nb8 10.d4 Nbd7 11.c4 c6 12.Nc3 Qc7 13.Bg5 h6 14.Bh4 Bb7 15.Rc1 b4 16.Bxf6 Bxf6
17.Ne2 c5 18.d5 Nb6 19.g4 Qd8 20.Qc2 Bc8 21.Ba4 Nxa4 22.Qxa4 Bd7 23.Qc2 h5
24.gxh5 Bg5 25.Rcd1 Bxh3 26.Nh2 f5 27.Qd3 Bg4 28.Nxg4 fxg4 29.Ng3 Rf3 30.Qf1
Bf4 31.Qg2 Qh4 32.Nf5 Qxh5 33.Kf1 g3 34.Re2 Rxf2+ {#R} 0-1

[Event "Spartakiada URS"]
[Site "masterchessopen.com Moscow (Russia)"]
[Round "0"]
[White "Vasiukov Evgeni (RUS)"]
[Black "Kholmov Ratmir D (RUS)"]
[Result "1-0"]
[WhiteElo "2455"]
[BlackElo "2432"]

1.e4 e5 2.Nf3 Nc6 3.Bb5 a6 4.Ba4 Nf6 5.O-O Be7 6.Re1 b5 7.Bb3 d6 8.c3 O-O 9.h3
Nb8 10.d4 Nbd7 11.Nh4 Nxe4 12.Nf5 Ndf6 13.Qf3 Bb7 14.Bc2 Nc5 15.Qg3 Ne6 16.Bh6
Ne8 17.dxe5 dxe5 18.Rxe5 Bf6 19.Re1 Nd6 20.Nd2 Nxf5 21.Bxf5 Qd6 22.Qg4 Rae8
23.Rad1 Nc5 24.Ne4 Qc6 25.Nxc5 Qxc5 26.Bxg7 {#r} 1-0

[Event "Ch World (juniors) (under 20)"]
[Site "masterchessopen.com Barcelona (Spain)"]
[Round "8"]
[White "Huebner Robert Dr (GER)"]
[Black "Zwaig Arne (NOR)"]
[Result "0-1"]
[WhiteElo "2592"]
[BlackElo "2439"]

1.e4 e5 2.Nf3 Nc6 3.Bb5 a6 4.Ba4 Nf6 5.O-O Be7 6.Re1 b5 7.Bb3 O-O 8.c3 d6 9.h3
Nb8 10.d4 Nbd7 11.Nh4 Nb6 12.Nf5 Bxf5 13.exf5 exd4 14.Qxd4 d5 15.Bg5 Nc4
16.Bxc4 bxc4 17.Nd2 h6 18.Bh4 Re8 19.Bxf6 Bxf6 20.Rxe8+ Qxe8 21.Qxd5 Rb8
22.Nxc4 Qe2 23.Qc6 Re8 24.Qxc7 Re4 25.Nd6 Re7 26.Qd8+ Kh7 27.Qb6 Be5 28.c4 Qd2
29.Ne4 Qf4 30.Ng3 Bd4 31.Qb4 Qxf2+ 32.Kh2 Re3 33.Nf1 Rd3 {#R} 0-1

[Event "It"]
[Site "masterchessopen.com Belgrade (Yugoslavia)"]
[Round "2"]
[White "Matulovic Milan (SRB)"]
[Black "Tringov Georgi P (BUL)"]
[Result "1-0"]
[WhiteElo "2394"]
[BlackElo "2379"]

1.e4 e5 2.Nf3 Nc6 3.Bb5 a6 4.Ba4 Nf6 5.O-O Be7 6.Re1 b5 7.Bb3 d6 8.c3 O-O 9.h3
Nb8 10.d4 Nbd7 11.Bg5 h6 12.Bh4 Bb7 13.Nbd2 c5 14.a4 Qc7 15.Qe2 c4 16.Bc2 Rfe8
17.b4 cxb3 18.Bxb3 Qxc3 19.Rec1 Qa5 20.axb5 Qxb5 21.Bc4 Qb6 22.Rab1 Qa7
23.Bxf6 Bxf6 24.Bxf7+ Kxf7 25.Rc7 Rab8 26.Rxd7+ Kg6 27.Nh4+ Kh7 28.Qg4 Red8
29.Rc7 Qxd4 30.Nf5 {#r} 1-0

[Event "Ch USA"]
[Site "masterchessopen.com New York (USA)"]
[Round "4"]
[White "Fischer Robert J (USA)"]
[Black "Benko Pal C (USA)"]
[Result "1-0"]
[WhiteElo "2780"]
[BlackElo "2408"]

1.e4 e5 2.Nf3 Nc6 3.Bb5 a6 4.Ba4 Nf6 5.O-O Be7 6.Re1 b5 7.Bb3 d6 8.c3 O-O 9.h3
Nb8 10.d4 Nbd7 11.Nh4 Nb6 ( { ? } 11...g6 ) 12.Nd2 c5 { ? } ( 12...exd4 { ? }
13.cxd4 Nxe4 14.Nxe4 Bxh4 15.Qh5 { ? } ) ( 12...Nxe4 13.Nxe4 Bxh4 { = } )
13.dxc5 dxc5 14.Nf5 ( 14.Qf3 { !? } ) 14...Bxf5 15.exf5 Qc7 { ? } ( 15...Nbd7
{ ! } 16.g4 h6 17.h4 c4 18.Bc2 Nh7 19.Nf3 Bxh4 20.Nxh4 Qxh4 21.Qxd7 Qxg4+ { =
} ) 16.g4 { ! P } 16...h6 17.h4 c4 18.Bc2 Nh7 19.Nf3 f6 20.Nd2 Rad8 21.Qf3 {
+?? } 21...h5 { ? } 22.gxh5 Nd5 23.Ne4 Nf4 24.Bxf4 exf4 25.Kh1 Kh8 26.Rg1 Rf7
27.Rg6 Bd6 28.Rag1 Bf8 29.h6 Qe5 30.Qg4 Rdd7 31.f3 Bc5 32.Nxc5 Qxc5 33.Rxg7
Rxg7 34.hxg7+ Kg8 35.Qg6 Rd8 36.Be4 Qc8 37.Qe8+ {#r} 1-0

[Event "It"]
[Site "masterchessopen.com Sarajevo (Bosnia & Herzegovina)"]
[Round "1"]
[White "Bogdanovic Rajko (BIH)"]
[Black "Lengyel Levente (HUN)"]
[Result "0-1"]
[WhiteElo "2308"]
[BlackElo "2293"]

1.e4 e5 2.Nf3 Nc6 3.Bb5 a6 4.Ba4 Nf6 5.O-O Be7 6.Re1 b5 7.Bb3 d6 8.c3 O-O 9.h3
Nb8 10.d4 Nbd7 11.Nh4 Nxe4 12.Nf5 Ndf6 13.Nxe7+ Qxe7 14.Rxe4 Nxe4 15.Bd5 Nxf2
16.Kxf2 Rb8 17.Be3 Be6 18.Bb3 Rbe8 19.dxe5 Qh4+ 20.Kf1 Bxh3 21.Bf2 Qe4 22.gxh3
Rxe5 23.Qg4 Qh1+ 24.Bg1 h5 25.Qg3 Rfe8 {#R} 0-1

[Event "Olympiad"]
[Site "masterchessopen.com Habana (Cuba)"]
[Round "0"]
[White "Suradiradja Herman (INA)"]
[Black "Kinnmark Ove (SWE)"]
[Result "0-1"]
[WhiteElo "2238"]
[BlackElo "2279"]

1.e4 e5 2.Nf3 Nc6 3.Bb5 a6 4.Ba4 Nf6 5.O-O Be7 6.Re1 b5 7.Bb3 O-O 8.c3 d6 9.h3
Nb8 10.d4 Nbd7 11.Nbd2 Bb7 12.Bc2 Re8 13.a4 Bf8 14.b4 g6 15.d5 c6 16.c4 Qc7
17.dxc6 Bxc6 18.Bb2 Qb7 19.axb5 axb5 20.Rxa8 Rxa8 21.c5 Qc7 22.Nb3 Re8 23.Qa1
h6 24.Bd3 Kh7 25.Bc3 d5 26.Na5 dxe4 27.Nxc6 Qxc6 28.Nxe5 Nxe5 29.Bxe5 exd3
{#R} 0-1

[Event "Ch Czechoslovakia (open)"]
[Site "masterchessopen.com Harrachov (Czech Republic)"]
[Round "17"]
[White "Novak Ivan (SVK)"]
[Black "Kovacs Laszlo M (HUN)"]
[Result "0-1"]
[WhiteElo "2187"]
[BlackElo "2339"]

1.e4 e5 2.Nf3 Nc6 3.Bb5 a6 4.Ba4 Nf6 5.O-O Be7 6.Re1 b5 7.Bb3 d6 8.c3 O-O 9.h3
Nb8 10.d4 Nbd7 11.Bg5 Bb7 12.Nbd2 Re8 13.Bc2 h6 14.Bh4 g6 15.b4 Nh5 16.Bxe7
Qxe7 17.Nb3 Nb6 18.dxe5 dxe5 19.Nc5 Bc6 20.Bb3 Red8 21.Qe2 a5 22.a3 a4 23.Ba2
Nf4 24.Qe3 Rd6 25.g3 Nxh3+ 26.Kg2 Ng5 27.Rh1 Nxf3 28.Rxh6 Ng5 29.Rah1 Nc4
30.Bxc4 bxc4 31.b5 Rd3 {#R} 0-1

[Event "Ch World (team) (students)"]
[Site "masterchessopen.com Oerebro (Sweden)"]
[Round "3"]
[White "Lee Peter N (ENG)"]
[Black "McGrillen Hugh (IRL)"]
[Result "1-0"]
[WhiteElo "2390"]
[BlackElo "2285"]

1.e4 e5 2.Nf3 Nc6 3.Bb5 a6 4.Ba4 Nf6 5.O-O Be7 6.Re1 b5 7.Bb3 d6 8.c3 O-O 9.h3
Nb8 10.d4 Nbd7 11.Nbd2 Bb7 12.Bc2 Re8 13.Nf1 Bf8 14.Ng3 g6 15.Bd2 c5 16.dxe5
dxe5 17.Qc1 Bg7 18.Bh6 Bh8 19.Rd1 Qc7 20.Qe3 Rad8 21.Nf5 Nb6 22.b3 Nc8 23.a4
bxa4 24.Rxd8 Rxd8 25.Rxa4 Re8 26.Ra1 Nd6 27.Nxd6 Qxd6 28.Rd1 Qc7 29.Nh4 Rd8
30.Rxd8+ Qxd8 31.Nf5 Nd7 32.Nd6 Qc7 33.Qd3 Bg7 {#r} 1-0

[Event "Ch World (team) (students)"]
[Site "masterchessopen.com Oerebro (Sweden)"]
[Round "1"]
[White "McGrillen Hugh (IRL)"]
[Black "Hohler Peter (SUI)"]
[Result "0-1"]
[WhiteElo "2285"]
[BlackElo "2183"]

1.e4 e5 2.Nf3 Nc6 3.Bb5 a6 4.Ba4 Nf6 5.O-O Be7 6.Re1 b5 7.Bb3 d6 8.c3 O-O 9.h3
Nb8 10.d4 Nbd7 11.Nbd2 Bb7 12.Bc2 Re8 13.Nf1 Bf8 14.Ng3 g6 15.Bd2 Bg7 16.Qc1
c5 17.dxe5 dxe5 18.Bh6 Qe7 19.Rd1 Qf8 20.Bxg7 Kxg7 21.Qe3 c4 22.Rd2 h6 23.Rad1
Qe7 24.Rd6 Rec8 25.Qd2 Rc7 26.a4 bxa4 27.Nh4 Kh7 28.Bxa4 Bc8 29.Bc6 Rb8
30.Nhf5 gxf5 31.Nxf5 Qf8 32.Qe3 Rxb2 33.Rxf6 Nxf6 34.Rd8 Re2 35.Qg3 Nh5 36.Qh4
Qc5 {#R} 0-1

[Event "It"]
[Site "masterchessopen.com Palma de Majorca (Spain)"]
[Round "0"]
[White "Ivkov Borislav (SRB)"]
[Black "Robatsch Karl (AUT)"]
[Result "1-0"]
[WhiteElo "2416"]
[BlackElo "2349"]

1.e4 e5 2.Nf3 Nc6 3.Bb5 a6 4.Ba4 Nf6 5.O-O Be7 6.Re1 b5 7.Bb3 d6 8.c3 O-O 9.h3
Nb8 10.d4 Nbd7 11.Bg5 Bb7 12.Nbd2 c5 13.a4 Re8 14.dxe5 dxe5 15.Bxf6 Bxf6
16.Bd5 Bxd5 17.exd5 Nb6 18.axb5 axb5 19.Rxa8 Qxa8 20.Qb3 Qa6 21.Ne4 c4 22.Qd1
Qa8 23.Nxf6+ gxf6 24.d6 Qd5 25.Qxd5 Nxd5 26.Nd4 Kf8 27.Nxb5 Rb8 28.Na3 Rxb2
29.Rd1 {#r} 1-0

[Event "Tournament"]
[Site "masterchessopen.com Leningrad (Russia)"]
[Round "0"]
[White "Spassky Boris V (FRA)"]
[Black "Krogius Nikolai V (RUS)"]
[Result "1-0"]
[WhiteElo "2548"]
[BlackElo "2485"]

1.e4 e5 2.Nf3 Nc6 3.Bb5 a6 4.Ba4 Nf6 5.O-O Be7 6.Re1 b5 7.Bb3 O-O 8.c3 d6 9.h3
Nb8 10.d4 Nbd7 11.Nbd2 Bb7 12.Bc2 Re8 13.Nf1 Bf8 14.Ng3 g6 15.Bd2 Bg7 16.Qc1
d5 17.Bg5 Qc8 18.Nxe5 Nxe5 19.dxe5 Nxe4 20.Bxe4 dxe4 21.Bf6 Bxf6 22.exf6 Qd8
23.Qg5 h6 24.Qh4 Re6 25.Nxe4 Bxe4 26.Rxe4 Qxf6 27.Qxf6 Rxf6 28.Rd1 c5 29.Rd7
Rb8 30.f3 Rbb6 31.Kf2 Rbd6 32.Ree7 c4 33.Rxf7 {#r} 1-0

[Event "It"]
[Site "masterchessopen.com Vinkovci (Croatia)"]
[Round "0"]
[White "Matulovic Milan (SRB)"]
[Black "Matanovic Aleksandar (SRB)"]
[Result "1-0"]
[WhiteElo "2394"]
[BlackElo "2490"]

1.e4 e5 2.Nf3 Nc6 3.Bb5 a6 4.Ba4 Nf6 5.O-O Be7 6.Re1 b5 7.Bb3 d6 8.c3 O-O 9.h3
Nb8 10.d4 Nbd7 11.Bg5 h6 12.Bh4 Bb7 13.Nbd2 c5 14.Bg3 Qc7 15.Nh4 Rfe8 16.a4
Bf8 17.Ng6 exd4 18.cxd4 cxd4 19.Rc1 Qb6 20.a5 Qxa5 21.Nxf8 Nxf8 22.Bxd6 Rac8
23.Rxc8 Rxc8 24.Bxf8 Rxf8 25.e5 Nd5 26.Ne4 Nf4 27.Nd6 Bxg2 28.Kh2 Qd8 29.Qg4
Qg5 30.Nxf7 Qxg4 31.Nxh6+ Kh7 32.Nxg4 Bxh3 33.Kg3 Bxg4 34.Kxg4 d3 35.e6 Ne2
36.e7 {#r} 1-0

[Event "It"]
[Site "masterchessopen.com San Juan (Puerto Rico)"]
[Round "15"]
[White "Spassky Boris V (FRA)"]
[Black "Berrios Angel (PUR)"]
[Result "1-0"]
[WhiteElo "2548"]
[BlackElo "2212"]

1.e4 e5 2.Nf3 Nc6 3.Bb5 a6 4.Ba4 Nf6 5.O-O Be7 6.Re1 b5 7.Bb3 d6 8.c3 O-O 9.h3
Nb8 10.d4 Nbd7 11.Nbd2 Bb7 12.Bc2 Re8 13.Nf1 Bf8 14.Ng3 g6 15.Bg5 h6 16.Bd2
Bg7 17.Qc1 Kh7 18.h4 d5 19.exd5 exd4 20.Nxd4 Bxd5 21.h5 Rxe1+ 22.Qxe1 Qe8
23.Nde2 Ne5 24.Nf4 Rd8 25.Rd1 Bb7 26.Qe2 Rd6 27.Re1 Nfd7 28.Bc1 Qd8 29.hxg6+
fxg6 30.Rd1 Nf8 31.Rxd6 Qxd6 32.Nfh5 Kh8 33.Nxg7 Kxg7 34.Be3 c5 35.b4 cxb4
36.Bd4 Nd7 {#r} 1-0

[Event "Ch World (juniors)"]
[Site "masterchessopen.com Stockholm (Sweden)"]
[Round "3"]
[White "Moles John (IRL)"]
[Black "Ristoja Thomas W (FIN)"]
[Result "1-0"]
[WhiteElo "2270"]
[BlackElo "2210"]

1.e4 e5 2.Nf3 Nc6 3.Bb5 a6 4.Ba4 Nf6 5.O-O Be7 6.Re1 b5 7.Bb3 d6 8.c3 O-O 9.h3
Nb8 10.d4 Nbd7 11.Nbd2 Bb7 12.Bc2 Re8 13.b4 Bf8 14.Bb2 c5 15.bxc5 dxc5 16.dxe5
Nxe5 17.Nxe5 Rxe5 18.c4 Re8 19.e5 Nd7 20.e6 Rxe6 21.Rxe6 fxe6 22.Qh5 h6 23.Qg6
Nf6 24.Rd1 Qe7 25.Bxf6 Qxf6 26.Qh7+ Kf7 27.Be4 Bxe4 28.Nxe4 Qf5 29.Rd7+ Ke8
30.Rxg7 Qxh7 31.Rxh7 bxc4 32.Rb7 Be7 33.Kf1 Rd8 34.Ke2 Rd3 35.Rb2 Ra3 36.Rc2
Kd7 37.Nd2 c3 38.Nc4 {#r} 1-0

[Event "It"]
[Site "masterchessopen.com Zinnowitz (Germany)"]
[Round "13"]
[White "Boudy Julio (CUB)"]
[Black "Kovacs Laszlo M (HUN)"]
[Result "0-1"]
[WhiteElo "2188"]
[BlackElo "2339"]

1.e4 e5 2.Nf3 Nc6 3.Bb5 a6 4.Ba4 Nf6 5.O-O Be7 6.Re1 b5 7.Bb3 d6 8.c3 O-O 9.h3
Nb8 10.d4 Nbd7 11.Nh4 g6 12.Bh6 Re8 13.dxe5 Nxe5 14.Nd2 Nfg4 15.hxg4 Bxh4
16.g3 Bxg4 17.f3 Bxg3 18.fxg4 Qh4 19.Be3 Qh2+ 20.Kf1 Qh3+ 21.Kg1 Bh2+ {#R} 0-1

[Event "It"]
[Site "masterchessopen.com Caracas (Venezuela)"]
[Round "0"]
[White "Stein Leonid Z (UKR)"]
[Black "Caro Alberto N (VEN)"]
[Result "1-0"]
[WhiteElo "2620"]
[BlackElo "2235"]

1.e4 e5 2.Nf3 Nc6 3.Bb5 a6 4.Ba4 Nf6 5.O-O Be7 6.Re1 b5 7.Bb3 d6 8.c3 O-O 9.h3
Nb8 10.d4 Nbd7 11.c4 c6 12.a3 bxc4 13.Bxc4 Nxe4 14.dxe5 Nb6 15.Rxe4 d5 16.Bxd5
cxd5 17.Re1 Re8 18.Nc3 Bb7 19.Nd4 Nc4 20.Bf4 Rc8 21.Rb1 Qd7 22.Qd3 g6 23.Re2
Bf8 24.Rbe1 Bg7 25.b3 Na5 26.Na4 Qe7 27.b4 Nc4 28.Nc5 Rxc5 29.bxc5 Qxc5 30.a4
Rc8 31.Bg3 Re8 32.e6 f5 33.Nxf5 gxf5 34.Qxf5 Qf8 35.Qf7+ Kh8 36.Qxb7 {#r} 1-0

[Event "Olympiad"]
[Site "masterchessopen.com Siegen (Germany)"]
[Round "19"]
[White "Evans Larry D (USA)"]
[Black "Hoyt W"]
[Result "1-0"]
[WhiteElo "2315"]
[BlackElo "2200"]

1.e4 e5 2.Nf3 Nc6 3.Bb5 a6 4.Ba4 Nf6 5.O-O Be7 6.Re1 b5 7.Bb3 O-O 8.c3 d6 9.h3
Nb8 10.d4 Nbd7 11.Nbd2 Bb7 12.Bc2 Re8 13.Nf1 Bf8 14.Ng3 g6 15.a4 c5 16.d5 Qc7
17.Qe2 c4 18.Bg5 Bg7 19.h4 Nc5 20.h5 Nfd7 21.Qd2 Rf8 22.Bh6 bxa4 23.Bxg7 Kxg7
24.Bxa4 Nd3 25.Bxd7 Nxe1 26.Rxe1 Qxd7 27.Nf5+ Kh8 28.Qh6 f6 29.hxg6 Rg8
30.N5h4 Rg7 31.Re3 Kg8 32.gxh7+ Kh8 33.Ng6+ Rxg6 34.Qxg6 Qxh7 35.Qxf6+ {#r}
1-0

[Event "Olympiad"]
[Site "masterchessopen.com Siegen (Germany)"]
[Round "1"]
[White "Hoen Ragnar (NOR)"]
[Black "Filip Miroslav (CZE)"]
[Result "0-1"]
[WhiteElo "2247"]
[BlackElo "2465"]

1.e4 e5 2.Nf3 Nc6 3.Bb5 a6 4.Ba4 Nf6 5.O-O Be7 6.Re1 b5 7.Bb3 d6 8.c3 O-O 9.h3
Nb8 10.d4 Nbd7 11.Nbd2 Bb7 12.Bc2 Re8 13.a4 Bf8 14.Bd3 c6 15.Nf1 Qb8 16.g4 d5
17.Ng3 exd4 18.cxd4 dxe4 19.Nxe4 c5 20.Nxf6+ Nxf6 21.Bg5 Rxe1+ 22.Nxe1 Ne4
23.Be3 c4 24.Bf1 c3 25.bxc3 Nxc3 26.Qb3 Nxa4 27.Nd3 Qe8 28.Ne5 Nb6 29.Bg2 Bxg2
30.Kxg2 a5 31.Bd2 a4 32.Qb1 Nc4 33.Nxc4 Qc6+ 34.f3 Qxc4 35.Qe4 Rd8 36.Rc1 Qxd4
{#R} 0-1

[Event "?"]
[Site "masterchessopen.com URS"]
[Round "0"]
[White "Shamkovich Leonid (USA)"]
[Black "Kholmov Ratmir D (RUS)"]
[Result "0-1"]
[WhiteElo "2342"]
[BlackElo "2432"]

1.e4 e5 2.Nf3 Nc6 3.Bb5 a6 4.Ba4 Nf6 5.O-O Be7 6.Re1 b5 7.Bb3 d6 8.c3 O-O 9.h3
Nb8 10.d4 Nbd7 11.Bg5 h6 12.Bh4 Bb7 13.Nbd2 Re8 14.Bc2 c5 15.dxe5 dxe5 16.Nf1
c4 17.Ne3 g6 18.a4 Nc5 19.Nxe5 Nfxe4 20.Bxe7 Rxe7 21.Qxd8+ Rxd8 22.axb5 Rxe5
23.bxa6 Bxa6 24.Ng4 Re6 25.Bxe4 h5 26.Ra5 Rc8 27.Nh6+ Kg7 28.Nxf7 Rxe4 29.Rxe4
Nxe4 30.Rxa6 Kxf7 31.f3 Ng3 32.h4 Nf5 33.Ra7+ Kf6 34.Ra6+ Kg7 35.Kf2 Nxh4 {#R}
0-1

[Event "?"]
[Site "masterchessopen.com Polanica Zdroj (Poland)"]
[Round "1"]
[White "Adorjan Andras (HUN)"]
[Black "Manasterski Lutoslaw (POL)"]
[Result "1-0"]
[WhiteElo "2465"]
[BlackElo "2240"]

1.e4 e5 2.Nf3 Nc6 3.Bb5 a6 4.Ba4 Nf6 5.O-O Be7 6.Re1 b5 7.Bb3 d6 8.c3 O-O 9.h3
Nb8 10.d4 Nbd7 11.Nbd2 Bb7 12.Bc2 Re8 13.b4 a5 14.Nb3 axb4 15.cxb4 exd4
16.Nfxd4 Bf8 17.Nxb5 Bxe4 18.Bf4 Bxc2 19.Qxc2 Rxe1+ 20.Rxe1 Nd5 21.Bd2 c5
22.a3 Qb8 23.Qd3 N5b6 24.Na5 Ne5 25.Qe2 c4 26.Qe4 f6 27.Bc3 Kh8 28.Bxe5 fxe5
29.Qc6 h6 30.Rd1 d5 31.Nc7 Ra7 32.Nxd5 Rd7 33.Ne3 Rd3 34.Naxc4 {#r} 1-0

[Event "Olympiad URS"]
[Site "masterchessopen.com Moscow (Russia)"]
[Round "2"]
[White "Romanishin Oleg M (UKR)"]
[Black "Petrosian Arshak B (ARM)"]
[Result "1-0"]
[WhiteElo "2440"]
[BlackElo "2470"]

1.e4 e5 2.Nf3 Nc6 3.Bb5 a6 4.Ba4 Nf6 5.O-O Be7 6.Re1 b5 7.Bb3 d6 8.c3 O-O 9.h3
Nb8 10.d4 Nbd7 11.Nbd2 Bb7 12.Bc2 Re8 13.b3 Bf8 14.Bb2 g6 15.a4 Nh5 16.c4 c6
17.Nf1 bxc4 18.bxc4 exd4 19.Bxd4 Qc7 20.Rb1 Bg7 21.Bxg7 Nxg7 22.Ne3 h5 23.Qd4
Ne6 24.Qd2 Ne5 25.Nh4 Bc8 26.Nef5 g5 27.Nh6+ Kh7 28.N4f5 Nf4 29.Bd1 Re6 30.h4
Nfd3 31.Re3 Rxh6 32.Nxh6 Be6 33.hxg5 Nc5 34.Qe2 Bg4 35.Qc2 Qe7 36.Bxg4 hxg4
37.Nf5 {#r} 1-0